000 00202 a2200109 4500
020 _a9788424170639
041 _aspa
100 _aCanetti Yanitzia
245 _aCeniciento
942 _cBK
952 _71
999 _c25624
_d25624